[Event "XXXIV Festival A"]
[Site "Arco ITA"]
[Date "2012.10.15"]
[Round "3"]
[White "Popa, Claudiu"]
[Black "Schnitzspan, Lothar"]
[WhiteElo "2139"]
[BlackElo "2325"]
[Result "1/2-1/2"]
[PlyCount "123"]
[EventDate "2012.10.13"]

1. e4 d6 2. d4 Nf6 3. Nc3 e5 4. dxe5 dxe5 5. Qxd8+ Kxd8 6. Bg5 Be6 7. O-O-O+
Kc8 8. f3 c6 9. Nge2 Nbd7 10. Kb1 b5 11. Nc1 Nb6 12. Be3 Nfd7 13. Bd3 Bc5 14.
Bxc5 Nxc5 15. Nb3 Nb7 16. Ne2 a5 17. c3 Kc7 18. Ng3 a4 19. Nc1 Ra5 20. Nf5 Bxf5
21. exf5 Raa8 22. Rhe1 Rhe8 23. Be4 Nc5 24. Nd3 Nxd3 25. Rxd3 Rad8 26. Red1
Rxd3 27. Rxd3 Nd7 28. Kc2 Nc5 29. Rd2 Rb8 30. a3 Nb7 31. h4 Nd6 32. g4 h6 33.
Bd3 f6 34. Be4 Nc4 35. Rd3 Re8 36. Kc1 Re7 37. Kc2 Rd7 38. Rxd7+ Kxd7 39. Bd3
Ne3+ 40. Kd2 Ng2 41. h5 Kd6 42. Be4 Kc5 43. Kd3 Nf4+ 44. Kd2 Kb6 45. Kd1 Nh3
46. Ke2 Kc5 47. Ke3 Ng5 48. Kd3 Nf7 49. Kc2 Nd6 50. Kd3 Nc4 51. Kc2 Kb6 52. Kc1
Nd6 53. Kc2 c5 54. Bd5 Ka5 55. Kd3 b4 56. c4 Kb6 57. Be4 Kc7 58. Bd5 Nc8 59.
Be6 Ne7 60. Bf7 Nc8 61. Be8 Nb6 62. Bf7 1/2-1/2

[Event "XXXIV Festival A"]
[Site "Arco ITA"]
[Date "2012.10.15"]
[Round "3"]
[White "Pretto, Aldo"]
[Black "Karl, Hans"]
[WhiteElo "1733"]
[BlackElo "2141"]
[Result "1/2-1/2"]
[PlyCount "93"]
[EventDate "2012.10.13"]

1. c4 e5 2. g3 Nf6 3. Bg2 d6 4. Nc3 c6 5. d3 Nbd7 6. e4 Be7 7. Nf3 O-O 8. O-O
Nc5 9. b3 Bg4 10. h3 Bd7 11. Qc2 Ne6 12. Be3 c5 13. Nd5 Nxd5 14. cxd5 Nd4 15.
Nxd4 cxd4 16. Bd2 Rc8 17. Qb2 Bb5 18. Qb1 Bg5 19. f4 Bh6 20. a4 Bd7 21. Bb4 Qb6
22. Bd2 Rc7 23. Rc1 Rfc8 24. Rxc7 Rxc7 25. Qa2 g6 26. Rc1 f5 27. Rxc7 Qxc7 28.
fxe5 Bxd2 29. Qxd2 dxe5 30. Kh2 f4 31. Qd1 fxg3+ 32. Kxg3 Qc3 33. h4 Qc8 34.
Bf3 Qc3 35. Bg4 Bxg4 36. Kxg4 Qc8+ 37. Kg3 Qc3 38. Kg4 Qc8+ 39. Kg3 Qc3 40. Kg4
Kg7 41. h5 Qc8+ 42. Kg3 Qc3 43. Kh4 Qb2 44. Kg3 Qc3 45. Kh4 Qb2 46. Kg3 Qc3 47.
Kh4 1/2-1/2

[Event "XXXIV Festival A"]
[Site "Arco ITA"]
[Date "2012.10.15"]
[Round "3"]
[White "Rizzoli, Aluna"]
[Black "Castagna, Celestino"]
[WhiteElo "1868"]
[BlackElo "1722"]
[Result "1/2-1/2"]
[PlyCount "59"]
[EventDate "2012.10.13"]

1. e4 c5 2. Nf3 d6 3. d4 cxd4 4. Nxd4 Nf6 5. Nc3 Nc6 6. Bc4 Qb6 7. Nb3 e6 8.
Be3 Qc7 9. O-O Be7 10. f4 O-O 11. Be2 a6 12. Bf3 Bd7 13. Qe2 Rac8 14. Na4 Nd4
15. Nxd4 Bxa4 16. c3 Bd7 17. c4 e5 18. fxe5 dxe5 19. Nf5 Bxf5 20. exf5 e4 21.
Bg4 Nxg4 22. Qxg4 Bf6 23. Rad1 Rfe8 24. h4 Rcd8 25. h5 g6 26. fxg6 fxg6 27.
Rxd8 Rxd8 28. Rd1 Rxd1+ 29. Qxd1 Qxc4 30. b3 1/2-1/2

[Event "XXXIV Festival A"]
[Site "Arco ITA"]
[Date "2012.10.15"]
[Round "3"]
[White "Roth, Peter"]
[Black "Antoniacci, Riccardo"]
[WhiteElo "2226"]
[BlackElo "1911"]
[Result "1/2-1/2"]
[PlyCount "26"]
[EventDate "2012.10.13"]

1. e4 c5 2. Nf3 Nc6 3. Nc3 g6 4. d4 cxd4 5. Nxd4 Bg7 6. Be3 Nf6 7. Be2 O-O 8.
Qd2 d5 9. exd5 Nxd5 10. Nxd5 Qxd5 11. Bf3 Qc4 12. Be2 Qd5 13. Bf3 Qc4 1/2-1/2

[Event "XXXIV Festival A"]
[Site "Arco ITA"]
[Date "2012.10.15"]
[Round "3"]
[White "Schaberg, Wolfgang"]
[Black "Oltramari, Silvano"]
[WhiteElo "1856"]
[BlackElo "1742"]
[Result "1-0"]
[PlyCount "39"]
[EventDate "2012.10.13"]

1. e4 e5 2. Nc3 Nf6 3. Nf3 d6 4. d4 exd4 5. Nxd4 Be7 6. Bd3 O-O 7. O-O c5 8.
Nde2 a6 9. a4 Be6 10. Ng3 Nc6 11. Re1 Bd7 12. Nd5 Be6 13. Ne3 Qc7 14. Nd5 Bxd5
15. exd5 Ne5 16. Be2 Ng6 17. Nf5 Rae8 18. h4 Qc8 19. Qd3 Nf4 20. Bxf4 1-0

[Event "XXXIV Festival A"]
[Site "Arco ITA"]
[Date "2012.10.15"]
[Round "3"]
[White "Schiappoli, Dario"]
[Black "Skagseth, Havard M."]
[WhiteElo "1933"]
[BlackElo "1835"]
[Result "0-1"]
[PlyCount "49"]
[EventDate "2012.10.13"]

1. e4 c5 2. Nf3 d6 3. d4 cxd4 4. Nxd4 Nf6 5. Nc3 g6 6. Be3 Bg7 7. f3 Nc6 8. Qd2
O-O 9. Bc4 Bd7 10. O-O-O Rc8 11. Bb3 Ne5 12. h4 h5 13. Bh6 Qa5 14. Bxg7 Kxg7
15. Nde2 b5 16. Qg5 b4 17. Nd5 Nxd5 18. Rxd5 Qa6 19. Qd2 Be6 20. Nf4 Bxd5 21.
Nxd5 e6 22. Nxb4 Qb5 23. Qd4 a5 24. f4 Qxb4 25. Qxb4 0-1

[Event "XXXIV Festival A"]
[Site "Arco ITA"]
[Date "2012.10.15"]
[Round "3"]
[White "Simeone, Giulio"]
[Black "Bortolotti, Silvano"]
[WhiteElo "1928"]
[BlackElo "1770"]
[Result "1/2-1/2"]
[PlyCount "66"]
[EventDate "2012.10.13"]

1. c4 b6 2. d4 e6 3. Nf3 Bb7 4. Nc3 Bb4 5. Qd3 Ne7 6. Bg5 f6 7. Bf4 d6 8. a3
Bxc3+ 9. Qxc3 Ng6 10. Bg3 a5 11. e3 Nd7 12. Bd3 Ne7 13. Qc2 f5 14. O-O O-O 15.
Ng5 Rf6 16. e4 Rg6 17. Nf3 fxe4 18. Bxe4 Bxe4 19. Qxe4 Nf5 20. Rfe1 Nxg3 21.
hxg3 Rc8 22. b4 axb4 23. axb4 c6 24. Ra7 Rc7 25. Rea1 Rxa7 26. Rxa7 d5 27. Qf4
e5 28. Nxe5 Nxe5 29. Qxe5 dxc4 30. Rb7 Qd6 31. Rb8+ Kf7 32. Rxb6 Rf6 33. Qe2
Qe6 1/2-1/2

[Event "XXXIV Festival A"]
[Site "Arco ITA"]
[Date "2012.10.15"]
[Round "3"]
[White "Stap, Kees"]
[Black "Naumkin, Igor"]
[WhiteElo "2098"]
[BlackElo "2480"]
[Result "0-1"]
[PlyCount "96"]
[EventDate "2012.10.13"]

1. c4 Nf6 2. g3 e6 3. Bg2 d5 4. Nf3 Be7 5. O-O O-O 6. b3 d4 7. Bb2 c5 8. e3 Nc6
9. exd4 cxd4 10. Re1 Re8 11. d3 Bb4 12. Nbd2 e5 13. a3 Bxd2 14. Qxd2 Bf5 15. b4
Qc7 16. Rad1 Rad8 17. b5 Nb8 18. Qg5 Bg4 19. h3 h6 20. Qc1 Bxf3 21. Bxf3 Nbd7
22. Qc2 Nc5 23. Kg2 Kh8 24. a4 Qb6 25. Ba3 Nfd7 26. Bd5 Qg6 27. f3 f5 28. Kh2
Qf6 29. a5 Rc8 30. Qf2 b6 31. Bc6 Re6 32. axb6 axb6 33. Bb2 f4 34. g4 Rexc6 35.
bxc6 Qxc6 36. Qe2 b5 37. cxb5 Qxb5 38. Qd2 Qb3 39. Re2 Rb8 40. Qc2 Qd5 41. Kg2
Rb3 42. Qc4 Qxc4 43. dxc4 e4 44. Rf1 d3 45. Bxg7+ Kxg7 46. Rxe4 Nxe4 47. fxe4
d2 48. Rd1 f3+ 0-1

[Event "XXXIV Festival A"]
[Site "Arco ITA"]
[Date "2012.10.15"]
[Round "3"]
[White "Tencheni, Maurizio"]
[Black "De Nisi, Giuseppe"]
[WhiteElo "1707"]
[BlackElo "1816"]
[Result "0-1"]
[PlyCount "70"]
[EventDate "2012.10.13"]

1. e4 e6 2. d4 d5 3. e5 c5 4. c3 Qb6 5. Nf3 Nc6 6. Be2 cxd4 7. cxd4 Nge7 8. Na3
Nf5 9. Nc2 Bb4+ 10. Kf1 Bd7 11. g4 Nh6 12. h3 Ng8 13. a3 Be7 14. b4 f6 15. Be3
Qd8 16. Kg2 fxe5 17. dxe5 Qb8 18. Nfd4 Nxe5 19. Bf4 Bd6 20. Nb5 Bxb5 21. Bxb5+
Nc6 22. Bxd6 Qxd6 23. Re1 a6 24. Nd4 e5 25. Nf5 Qf6 26. Qxd5 axb5 27. Qxb5 Nge7
28. Ng3 O-O 29. Qe2 Ng6 30. Nh5 Qh4 31. Qe3 e4 32. Qg3 Qe7 33. Kg1 Nh4 34. Re3
Nd4 35. Kh1 Nc2 0-1

[Event "XXXIV Festival A"]
[Site "Arco ITA"]
[Date "2012.10.15"]
[Round "3"]
[White "Valenti, Giuseppe"]
[Black "Bruno, Fabio"]
[WhiteElo "2162"]
[BlackElo "2416"]
[Result "0-1"]
[PlyCount "90"]
[EventDate "2012.10.13"]

1. e4 c5 2. Nf3 e6 3. d4 cxd4 4. Nxd4 Nc6 5. Nc3 Qc7 6. g3 a6 7. Bg2 d6 8. O-O
Bd7 9. a4 Nf6 10. Nb3 Be7 11. Qe2 O-O 12. g4 h6 13. f4 Nh7 14. Be3 Rac8 15. a5
Nb4 16. Rf2 Qb8 17. Qd2 Nf6 18. h3 Rc4 19. g5 hxg5 20. fxg5 Ne8 21. Bf1 Rc8 22.
Rg2 g6 23. h4 Ng7 24. Be2 Nc6 25. Bf4 Be8 26. Na4 Ne5 27. Nb6 Rd8 28. Nd4 Nd7
29. Nxd7 Bxd7 30. Bh2 e5 31. Nf3 Bc6 32. Qe3 Qc8 33. Kh1 Qh3 34. Rg3 Qe6 35. c4
Nh5 36. Rgg1 Nf4 37. Bxf4 exf4 38. Qxf4 Bxe4 39. Rg4 d5 40. cxd5 Bxd5 41. Rg2
Bd6 42. Qg4 Qxg4 43. Rxg4 Rfe8 44. Bd1 Re5 45. Kg2 Bc5 0-1

[Event "XXXIV Festival A"]
[Site "Arco ITA"]
[Date "2012.10.15"]
[Round "3"]
[White "Weinberg, Emanuele"]
[Black "Traversi, Carlo"]
[WhiteElo "1795"]
[BlackElo "1570"]
[Result "1-0"]
[PlyCount "55"]
[EventDate "2012.10.13"]

1. d4 Nf6 2. c4 c6 3. Nc3 d5 4. b3 e6 5. a3 Be7 6. Nf3 O-O 7. g3 Nbd7 8. Bg2
Re8 9. O-O Qc7 10. Bb2 e5 11. cxd5 exd4 12. Nxd4 cxd5 13. Nxd5 Nxd5 14. Bxd5
Nf6 15. Bg2 Qb6 16. e3 Bg4 17. Qd2 Bc5 18. b4 Bf8 19. h3 Bh5 20. Rac1 Bg6 21.
Rc4 Rac8 22. Rfc1 Rxc4 23. Rxc4 Ne4 24. Qc1 Qf6 25. Nf3 Qe6 26. Nh4 Bd6 27.
Nxg6 hxg6 28. Rxe4 1-0

[Event "XXXIV Festival A"]
[Site "Arco ITA"]
[Date "2012.10.15"]
[Round "3"]
[White "Zanin, Luca"]
[Black "Russo, Carmelo"]
[WhiteElo "1615"]
[BlackElo "1751"]
[Result "0-1"]
[PlyCount "59"]
[EventDate "2012.10.13"]

1. d4 Nf6 2. Nf3 d5 3. e3 g6 4. Nbd2 Bg7 5. Bd3 O-O 6. O-O b6 7. b3 c5 8. Bb2
cxd4 9. exd4 Nc6 10. Ba3 Qc7 11. Re1 Nh5 12. Rc1 a6 13. b4 Nf4 14. Bb2 Bg4 15.
h3 Bxh3 16. gxh3 Nxh3+ 17. Kg2 Nf4+ 18. Kg1 Qd7 19. Nh2 e5 20. Qf3 Nh3+ 21. Kg2
Nf4+ 22. Kg1 h5 23. Kf1 Nh3 24. Kg2 Ng5 25. Qg3 Bh6 26. dxe5 Ne6 27. Rcd1 Bf4
28. Qf3 Nxe5 29. Qe2 Qb7 30. Nhf3 0-1

[Event "XXXIV Festival A"]
[Site "Arco ITA"]
[Date "2012.10.15"]
[Round "3"]
[White "Zucchelli, Massimo"]
[Black "Prelati, Maurizio"]
[WhiteElo "2176"]
[BlackElo "1976"]
[Result "1-0"]
[PlyCount "111"]
[EventDate "2012.10.13"]

1. d4 d5 2. c4 c6 3. e3 Nf6 4. Nf3 Bf5 5. Nc3 e6 6. Nh4 Bg6 7. Qb3 Qc7 8. Nxg6
hxg6 9. Bd2 Nbd7 10. h3 Be7 11. cxd5 exd5 12. Be2 O-O 13. Rc1 Qb6 14. Qc2 Rfe8
15. O-O Qd8 16. Rfd1 Bf8 17. Be1 Qe7 18. Bd3 c5 19. dxc5 Nxc5 20. Be2 Red8 21.
Bf3 Qe5 22. Nb5 Nce4 23. Bc3 Qf5 24. Bxf6 gxf6 25. Nc3 Qe5 26. Bxe4 dxe4 27.
Qxe4 Qxe4 28. Nxe4 f5 29. Nc3 Bg7 30. Kf1 Rxd1+ 31. Nxd1 Rd8 32. Ke2 Rd7 33.
Rc8+ Kh7 34. Nc3 a6 35. g4 fxg4 36. hxg4 g5 37. Rc5 Kg6 38. b3 Bf8 39. Rd5 Rc7
40. Kd3 b5 41. a4 bxa4 42. Nxa4 Rc6 43. Nb2 Rd6 44. Rxd6+ Bxd6 45. Ke4 Kf6 46.
Kd5 Ba3 47. Nd3 Ke7 48. b4 Kd7 49. Kc4 a5 50. bxa5 Bd6 51. Kd5 Kc7 52. Ne5 f6
53. Nc4 Bb4 54. f3 Kd7 55. a6 Kc7 56. Ke6 1-0

[Event "XXXIV Festival A"]
[Site "Arco ITA"]
[Date "2012.10.16"]
[Round "4"]
[White "Ager, Josef"]
[Black "Popa, Claudiu"]
[WhiteElo "2193"]
[BlackElo "2139"]
[Result "1/2-1/2"]
[PlyCount "90"]
[EventDate "2012.10.13"]

1. c4 e6 2. g3 d5 3. Bg2 Nf6 4. d4 Be7 5. Nf3 O-O 6. O-O b6 7. cxd5 exd5 8. Nc3
Bb7 9. Ne5 Ne4 10. Nxe4 dxe4 11. Be3 f6 12. Nc4 Bd5 13. Qc2 f5 14. Ne5 Bd6 15.
Rac1 Nd7 16. Nc4 Nf6 17. Nxd6 cxd6 18. Bg5 h6 19. Bxf6 Qxf6 20. e3 Qe6 21. b3
Rac8 22. Qe2 Rxc1 23. Rxc1 Rc8 24. Rxc8+ Qxc8 25. h4 Bf7 26. Bh3 g6 27. Qd2 h5
28. Bf1 Qc6 29. Be2 a5 30. Bd1 Bd5 31. Kf1 Kf7 32. Ke1 Ke7 33. Qc2 Qxc2 34.
Bxc2 b5 35. a3 b4 36. axb4 axb4 37. Kd2 Bb7 38. Bd1 Ba6 39. f3 d5 40. Ke1 Kf6
41. Kf2 Bb5 42. g4 hxg4 43. fxg4 fxg4 44. Kg3 Bd3 45. Kxg4 Bb5 1/2-1/2

[Event "XXXIV Festival A"]
[Site "Arco ITA"]
[Date "2012.10.16"]
[Round "4"]
[White "Aigner, Georg"]
[Black "Bonagura, Stefano"]
[WhiteElo "1989"]
[BlackElo "2172"]
[Result "0-1"]
[PlyCount "74"]
[EventDate "2012.10.13"]

1. e4 c6 2. d4 d5 3. Nd2 g6 4. Ngf3 Bg7 5. Be2 Nh6 6. O-O O-O 7. Re1 Bg4 8. c3
e6 9. h3 Bxf3 10. Bxf3 Nd7 11. Nf1 dxe4 12. Bxe4 Nf5 13. Bxf5 exf5 14. Bf4 Nf6
15. Bg5 Qb6 16. Bxf6 Bxf6 17. Qd2 Rad8 18. Rad1 Rd7 19. Re2 Qa6 20. b3 c5 21.
Qd3 Qxd3 22. Rxd3 cxd4 23. c4 Rc8 24. Ne3 Re7 25. Nd5 Rxe2 26. Nxf6+ Kg7 27.
Nd5 Rxa2 28. Rxd4 Re8 29. g3 Rb2 30. b4 Re4 31. Rxe4 fxe4 32. Kf1 f5 33. b5 a5
34. Nb6 Rb4 35. Ke2 a4 36. c5 a3 37. c6 bxc6 0-1

[Event "XXXIV Festival A"]
[Site "Arco ITA"]
[Date "2012.10.16"]
[Round "4"]
[White "Antoniacci, Riccardo"]
[Black "Weinberg, Emanuele"]
[WhiteElo "1911"]
[BlackElo "1795"]
[Result "1-0"]
[PlyCount "103"]
[EventDate "2012.10.13"]

1. d4 Nf6 2. c4 e6 3. Nf3 c5 4. d5 exd5 5. cxd5 d6 6. Nc3 g6 7. g3 Bg7 8. Bg2
O-O 9. O-O a6 10. a4 b6 11. Bf4 Re8 12. Nd2 Nh5 13. Be3 Nd7 14. g4 Nhf6 15. h3
Ne5 16. Bg5 h6 17. Bh4 g5 18. Bg3 Bb7 19. Qc2 Qd7 20. e3 b5 21. f4 Nexg4 22.
hxg4 Nxg4 23. e4 Ne3 24. Qd3 Nxf1 25. Rxf1 b4 26. Ne2 a5 27. Nc4 Ba6 28. b3 g4
29. f5 Qe7 30. Qe3 Bxc4 31. bxc4 Kh7 32. Qf2 Be5 33. f6 Bxg3 34. Nxg3 Qe5 35.
Qf5+ Qxf5 36. Nxf5 Rad8 37. Kh2 Kg6 38. Kg3 h5 39. Kh4 Re5 40. Ne7+ Kh6 41. Nc6
Ree8 42. Nxd8 Rxd8 43. Rf5 b3 44. e5 dxe5 45. Rxe5 Kg6 46. Rxh5 Kxf6 47. Be4
Re8 48. Rf5+ Kg7 49. d6 Rxe4 50. d7 Kg6 51. Rg5+ Kh6 52. d8=Q 1-0

[Event "XXXIV Festival A"]
[Site "Arco ITA"]
[Date "2012.10.16"]
[Round "4"]
[White "Bergen, Klaus"]
[Black "Astengo, Corrado"]
[WhiteElo "1927"]
[BlackElo "2119"]
[Result "0-1"]
[PlyCount "48"]
[EventDate "2012.10.13"]

1. e4 c5 2. Nf3 e6 3. d4 cxd4 4. Nxd4 a6 5. Nc3 b5 6. a3 Bb7 7. Bd3 Qb6 8. Nb3
Qc7 9. O-O Nf6 10. f4 d6 11. Qe2 Nbd7 12. Bd2 Be7 13. Rae1 e5 14. Qf3 exf4 15.
Bxf4 Ne5 16. Bxe5 dxe5 17. Qg3 O-O 18. Rf5 Kh8 19. Ref1 Rad8 20. Nc1 Bc8 21.
R5f3 Nh5 22. Qe1 Bg4 23. Rxf7 Rxf7 24. Rxf7 Bc5+ 0-1

[Event "XXXIV Festival A"]
[Site "Arco ITA"]
[Date "2012.10.16"]
[Round "4"]
[White "Bernardi, Ruben"]
[Black "Hilbenz, Guntram"]
[WhiteElo "2114"]
[BlackElo "1897"]
[Result "1/2-1/2"]
[PlyCount "100"]
[EventDate "2012.10.13"]

1. e4 d6 2. Nc3 Nf6 3. Nf3 e5 4. g3 Be7 5. h3 O-O 6. Bg2 Re8 7. O-O Nbd7 8. d4
exd4 9. Nxd4 Ne5 10. f4 Ng6 11. Nf5 Bf8 12. Qd3 c6 13. Be3 Bxf5 14. exf5 Ne7
15. Bd4 Nc8 16. Rae1 Rxe1 17. Rxe1 d5 18. g4 Nd6 19. Kh2 Nfe8 20. a3 Qd7 21.
Ne2 Nc7 22. Ng1 Ncb5 23. Bf2 a6 24. Nf3 f6 25. Nd2 Re8 26. Rxe8 Qxe8 27. a4 Nc7
28. b3 Nf7 29. c4 Bd6 30. Bg3 dxc4 31. Nxc4 Bc5 32. Na5 Nd6 33. Nc4 Qe7 34. h4
Kf8 35. g5 Nxc4 36. Qxc4 Qe3 37. b4 Bd4 38. g6 hxg6 39. fxg6 Nd5 40. Bxd5 cxd5
41. Qxd5 Qg1+ 42. Kh3 Qf1+ 43. Kg4 Qe2+ 44. Kf5 Qc2+ 45. Qe4 Qc8+ 46. Qe6 Qc2+
47. Kg4 Qd1+ 48. Kh3 Qh1+ 49. Kg4 Qd1+ 50. Kf5 Qc2+ 1/2-1/2

[Event "XXXIV Festival A"]
[Site "Arco ITA"]
[Date "2012.10.16"]
[Round "4"]
[White "Blasco, Domenico"]
[Black "Mombelli, Antonio"]
[WhiteElo "1920"]
[BlackElo "1799"]
[Result "1-0"]
[PlyCount "127"]
[EventDate "2012.10.13"]

1. d4 d5 2. Nf3 Nf6 3. e3 Nbd7 4. Bd3 b6 5. O-O e6 6. b3 Be7 7. Bb2 O-O 8. Nbd2
Bb7 9. c4 c5 10. Ne5 Ne4 11. cxd5 exd5 12. Nxd7 Qxd7 13. Nf3 Rac8 14. Qe2 cxd4
15. Nxd4 Bf6 16. b4 Qe7 17. a3 g6 18. Rac1 Nd6 19. b5 Rxc1 20. Rxc1 Bxd4 21.
Bxd4 Qd7 22. Qf3 f5 23. a4 Ne4 24. Qf4 Nc5 25. Be2 Qe7 26. h4 Rc8 27. h5 Nb3
28. Rxc8+ Bxc8 29. hxg6 Nxd4 30. gxh7+ Kxh7 31. Qxd4 Qe4 32. Qxe4 dxe4 33. Bc4
Bb7 34. Kf1 Kg6 35. Ke2 Kg5 36. Kd2 f4 37. exf4+ Kxf4 38. Be2 Bd5 39. g3+ Ke5
40. Kc3 Bb7 41. Bc4 Bc8 42. Bf7 Bg4 43. Be8 Be6 44. Kb4 Bg4 45. Bf7 Kd4 46. Bc4
Ke5 47. Kc3 Bd1 48. Bb3 Bg4 49. Bc2 Be6 50. Bd1 Bd5 51. g4 Kf4 52. Kd4 Be6 53.
Be2 Bb3 54. g5 Kxg5 55. Kxe4 Kf6 56. Kd4 Bxa4 57. Kd5 Ke7 58. f4 Bc2 59. Ke5
Bb3 60. f5 Bc2 61. f6+ Kf8 62. Bc4 Bd1 63. Kd6 Bf3 64. Kc7 1-0

[Event "XXXIV Festival A"]
[Site "Arco ITA"]
[Date "2012.10.16"]
[Round "4"]
[White "Bondielli, Giorgio"]
[Black "Espinosa Cancino, Monica"]
[WhiteElo "1849"]
[BlackElo "1530"]
[Result "1/2-1/2"]
[PlyCount "77"]
[EventDate "2012.10.13"]

1. e4 c5 2. d4 cxd4 3. c3 dxc3 4. Nxc3 e6 5. Bc4 Nc6 6. Nf3 Bb4 7. Bd2 a6 8.
O-O b5 9. Bd3 Bb7 10. Qe2 Nge7 11. a3 Bd6 12. b4 Rc8 13. Rfd1 O-O 14. e5 Bb8
15. Rac1 Qc7 16. Ne4 Qd8 17. Bc3 Nd5 18. Nc5 Nxc3 19. Rxc3 Rc7 20. Be4 Bc8 21.
Bxc6 Rxc6 22. Nd4 Rb6 23. f4 Re8 24. Qg4 Qe7 25. Rg3 Qf8 26. Ne4 Kh8 27. h4 d5
28. Nc5 Ba7 29. Rc1 Re7 30. Rgc3 Re8 31. Kh2 Kg8 32. h5 h6 33. Nf3 Rc6 34. Nd4
Rb6 35. Qe2 Rd8 36. Qc2 Kh8 37. Nd3 Bd7 38. Nc5 Bc8 39. Nd3 1/2-1/2

[Event "XXXIV Festival A"]
[Site "Arco ITA"]
[Date "2012.10.16"]
[Round "4"]
[White "Bortolotti, Silvano"]
[Black "Goli, Daniele"]
[WhiteElo "1770"]
[BlackElo "1986"]
[Result "0-1"]
[PlyCount "118"]
[EventDate "2012.10.13"]

1. e4 g6 2. f4 Bg7 3. Nf3 c6 4. d4 d6 5. Nc3 Nf6 6. a4 a5 7. e5 dxe5 8. dxe5
Qxd1+ 9. Nxd1 Nd5 10. Bc4 Nb4 11. Bb3 N8a6 12. Ne3 Nc5 13. Bc4 Bf5 14. Nd4 Be4
15. O-O e6 16. Bd2 Rd8 17. Bxb4 axb4 18. Nb3 Bf8 19. Kh1 h5 20. Rad1 Nxa4 21.
Rxd8+ Kxd8 22. Nd2 Bd5 23. b3 Nb6 24. Rd1 Kc7 25. Bxd5 exd5 26. Nef1 Bh6 27. g3
h4 28. Kg2 g5 29. f5 Re8 30. Re1 Bg7 31. Nf3 hxg3 32. Kxg3 Nd7 33. e6 fxe6 34.
fxe6 Nc5 35. Nxg5 Bf6 36. h4 Kd6 37. Ne3 Nxe6 38. Nxe6 Rxe6 39. Nf5+ Kd7 40.
Rxe6 Kxe6 41. Kg4 c5 42. Ng3 c4 43. bxc4 dxc4 44. Ne4 Bd4 45. Nd2 b5 46. Kf3
Kd5 47. Ke2 Bg7 48. Nf3 Bh6 49. Ng5 Bxg5 50. hxg5 Ke5 51. Ke3 Kf5 52. Kd4 Kxg5
53. Ke3 Kf5 54. Kd2 Kf4 55. Ke2 Ke4 56. Kd2 Kf3 57. Kd1 Kf2 58. Kd2 Kf1 59. Kd1
c3 0-1

[Event "XXXIV Festival A"]
[Site "Arco ITA"]
[Date "2012.10.16"]
[Round "4"]
[White "Bruno, Elio"]
[Black "Anfuso, Luigi"]
[WhiteElo "1618"]
[BlackElo "1743"]
[Result "1/2-1/2"]
[PlyCount "119"]
[EventDate "2012.10.13"]

1. e4 c6 2. d4 d5 3. Nc3 dxe4 4. Nxe4 Nd7 5. Bc4 Ngf6 6. Ng5 e6 7. Ne2 Bd6 8.
O-O Nb6 9. Bb3 O-O 10. a4 a5 11. Bd2 h6 12. Nf3 Qc7 13. Ng3 Nbd5 14. c3 c5 15.
Re1 b6 16. Ne5 Bb7 17. Bc2 Nd7 18. Ng4 N7f6 19. Nxf6+ Nxf6 20. Qc1 Qc6 21. f3
Qc7 22. dxc5 bxc5 23. Nf1 Ba6 24. h3 Bxf1 25. Rxf1 Bh2+ 26. Kh1 Nh5 27. f4 Bg3
28. Bd1 g6 29. Bxh5 gxh5 30. Qd1 h4 31. Qh5 Rfd8 32. Rad1 Rd5 33. Qxh6 Rad8 34.
f5 exf5 35. c4 Re5 36. Qg5+ Kf8 37. Qxd8+ Qxd8 38. Bh6+ Ke8 39. Rxd8+ Kxd8 40.
Rd1+ Kc7 41. Bg5 Kb7 42. Kg1 Re2 43. Rb1 Rc2 44. b3 Re2 45. Bd8 Ka6 46. Bf6 Re6
47. Bg7 Re2 48. Rf1 Re3 49. Rb1 Re2 50. Bf8 Kb6 51. Rf1 Re3 52. Rxf5 Rxb3 53.
Bxc5+ Kc6 54. Bd4 Rb4 55. Rc5+ Kd6 56. Rf5 Rxc4 57. Rf6+ Ke7 58. Ba1 Rxa4 59.
Rf1 Ke6 60. Rd1 1/2-1/2

[Event "XXXIV Festival A"]
[Site "Arco ITA"]
[Date "2012.10.16"]
[Round "4"]
[White "Bruno, Fabio"]
[Black "Medancic, Rikard"]
[WhiteElo "2416"]
[BlackElo "2234"]
[Result "1-0"]
[PlyCount "41"]
[EventDate "2012.10.13"]

1. Nf3 Nf6 2. c4 c5 3. g3 b6 4. Bg2 Bb7 5. O-O e6 6. Nc3 Be7 7. d4 cxd4 8. Qxd4
O-O 9. Rd1 a6 10. Be3 Bc5 11. Qf4 Bxe3 12. Qxe3 Nc6 13. Rd6 Qc7 14. Rad1 Rab8
15. Ne4 Nxe4 16. Rxd7 Qc8 17. Qxe4 Na5 18. Qf4 h6 19. Rc7 Qe8 20. Rdd7 Rd8 21.
Re7 1-0

[Event "XXXIV Festival A"]
[Site "Arco ITA"]
[Date "2012.10.16"]
[Round "4"]
[White "Burani, Eugenio"]
[Black "Mulone, Gaspare"]
[WhiteElo "1863"]
[BlackElo "1590"]
[Result "1-0"]
[PlyCount "57"]
[EventDate "2012.10.13"]

1. e4 e5 2. Nf3 d6 3. d4 exd4 4. Nxd4 Nf6 5. Nc3 Be7 6. Be2 O-O 7. O-O a6 8. f4
b5 9. Bf3 Bb7 10. e5 Bxf3 11. Qxf3 dxe5 12. Qxa8 Qxd4+ 13. Kh1 c6 14. h3 Qb6
15. a4 Nbd7 16. a5 Qc7 17. Qxa6 Nc5 18. Qb6 Qc8 19. a6 Nfd7 20. Qa5 Bd8 21. Qa2
Nb6 22. Be3 Nca4 23. Nxa4 Nxa4 24. fxe5 Bb6 25. Bxb6 Nxb6 26. e6 Qxe6 27. Qxe6
fxe6 28. Rxf8+ Kxf8 29. a7 1-0

[Event "XXXIV Festival A"]
[Site "Arco ITA"]
[Date "2012.10.16"]
[Round "4"]
[White "Castagna, Celestino"]
[Black "Moratto, Davide"]
[WhiteElo "1722"]
[BlackElo "1854"]
[Result "1/2-1/2"]
[PlyCount "79"]
[EventDate "2012.10.13"]

1. c4 e5 2. Nc3 Nc6 3. g3 f5 4. Bg2 Nf6 5. d3 Bb4 6. Bd2 O-O 7. Nf3 d6 8. O-O
a6 9. a3 Bc5 10. b4 Bb6 11. Qb3 Kh8 12. Bg5 Nd4 13. Nxd4 Bxd4 14. Rab1 Rb8 15.
Nd5 Ba7 16. e3 h6 17. Bxf6 gxf6 18. Qd1 c6 19. Qh5 Kh7 20. Nc3 Rg8 21. h4 f4
22. Kh2 Bg4 23. Be4+ f5 24. Bxf5+ Bxf5 25. Qxf5+ Kh8 26. exf4 exf4 27. Qxf4 Rg6
28. d4 Qg8 29. c5 Rf8 30. Qe3 Re8 31. Qf4 dxc5 32. dxc5 Bb8 33. Qd4+ Be5 34.
Qd3 Rg4 35. Kg2 Rd8 36. Qe3 Qg7 37. Ne2 Rxh4 38. Rh1 Rxh1 39. Rxh1 Kg8 40. Qxh6
1/2-1/2

[Event "XXXIV Festival A"]
[Site "Arco ITA"]
[Date "2012.10.16"]
[Round "4"]
[White "Catalfamo, Santo"]
[Black "Beltrami, Nerio"]
[WhiteElo "1762"]
[BlackElo "1926"]
[Result "0-1"]
[PlyCount "106"]
[EventDate "2012.10.13"]

1. b3 e5 2. Bb2 Nc6 3. e3 d5 4. Bb5 Bd6 5. Ne2 Nf6 6. Bxc6+ bxc6 7. d3 O-O 8.
O-O Qe7 9. c4 Bb7 10. Nd2 Nd7 11. Ng3 f5 12. e4 fxe4 13. dxe4 d4 14. Nf5 Qf6
15. Qe2 Nc5 16. b4 Nxe4 17. Nxe4 Qxf5 18. c5 Be7 19. f4 Rae8 20. fxe5 Qxe5 21.
Qc4+ Qd5 22. Qxd4 Qxd4+ 23. Bxd4 Ba6 24. Rf3 Rxf3 25. gxf3 Rd8 26. Be5 Rd3 27.
Kg2 Bc4 28. Bxc7 a6 29. Kg3 h5 30. h4 Bd5 31. Re1 Kf8 32. Re2 Ra3 33. Be5 Rxa2
34. Rxa2 Bxa2 35. Bd6 Bd5 36. Kf4 Ke8 37. Bxe7 Kxe7 38. Kg5 Ke6 39. Kxh5 Kf5
40. Nd6+ Kf4 41. Kg6 Bxf3 42. Kxg7 Kg4 43. Kf6 Kxh4 44. Nf7 Bd5 45. Ke5 Bxf7
46. Kd6 Bd5 47. Kc7 Kg5 48. Kb6 Kf4 49. Kxa6 Bc4+ 50. Kb6 Bb5 51. Ka5 Ke4 52.
Kb6 Kd4 53. Ka5 Kc4 0-1

[Event "XXXIV Festival A"]
[Site "Arco ITA"]
[Date "2012.10.16"]
[Round "4"]
[White "Cautiero, Pietro"]
[Black "Rizzoli, Aluna"]
[WhiteElo "1714"]
[BlackElo "1868"]
[Result "0-1"]
[PlyCount "72"]
[EventDate "2012.10.13"]

1. d4 Nf6 2. Nc3 b6 3. e4 Bb7 4. Bd3 e6 5. Qe2 Bb4 6. Nf3 d6 7. Bd2 O-O 8. a3
Bxc3 9. Bxc3 c5 10. Rd1 c4 11. Bxc4 Nxe4 12. Bb4 a5 13. Bd2 Nxd2 14. Rxd2 Nd7
15. O-O Nf6 16. Bd3 Qc7 17. Ng5 Rad8 18. Ne4 Nd5 19. f4 f5 20. Ng5 h6 21. Nh3
Nf6 22. Nf2 g5 23. fxg5 hxg5 24. Nh3 Qg7 25. c3 Kf7 26. Qe3 f4 27. Nxf4 gxf4
28. Qxf4 Ke7 29. Re2 Rg8 30. g3 Qg5 31. Qf2 Rdf8 32. Qe1 Qd5 33. Rf3 Qxf3 34.
Rxe6+ Kd8 35. Rxd6+ Nd7 36. d5 Bxd5 0-1

[Event "XXXIV Festival A"]
[Site "Arco ITA"]
[Date "2012.10.16"]
[Round "4"]
[White "Coolen, Marlo"]
[Black "Russo, Carmelo"]
[WhiteElo "1873"]
[BlackElo "1751"]
[Result "1-0"]
[PlyCount "51"]
[EventDate "2012.10.13"]

1. e4 c6 2. d4 d5 3. Nc3 g6 4. e5 h5 5. f4 Nh6 6. Nf3 Bg4 7. Be3 e6 8. h3 Bxf3
9. Qxf3 Nf5 10. Bf2 Bb4 11. O-O-O Nd7 12. Bd3 Bxc3 13. bxc3 Nh4 14. Qg3 Nf5 15.
Bxf5 gxf5 16. Qg7 Rf8 17. g4 fxg4 18. hxg4 hxg4 19. Bh4 Qa5 20. Kd2 Nb6 21. Qf6
Nc4+ 22. Ke2 Qc7 23. Bg5 Nb6 24. Rh7 Qd7 25. Rh8 Qc7 26. Rxf8+ 1-0